V Košiciach otvorili Migračné informačné centrum

Bibliographic Details
Format: Article
Language:Slovak
Subjects:

MARC

LEADER 00000nab a2200000 a 4500
001 vtls008702183
003 SK-MaSNL
005 20260303073611.0
008 060519c20060519xo drz 0 0slo
038 |a KEVKJB 
040 |a KEVKJB  |b slo  |c KEVKJB  |e AACR2 
041 0 |a slo 
044 |a xo  |c SK 
080 |a 341.215.43  |2 2001 
245 0 0 |a V Košiciach otvorili Migračné informačné centrum  |c [autor] (sen) 
300 |b Fotogr. 
610 2 7 |a Migračné informačné centrum (Košice, Slovensko)  |2 kevkjb  |9 1075451 
650 0 7 |a imigranti  |2 kevkjb  |9 994 
651 7 |a Košice (Slovensko)  |2 kevkjb  |9 18694 
773 0 |t Košický denník Korzár  |g Roč. IX, č. 114 (19.5.2006), s. 2  |x 1335-4566 
852 |a KEVKJB  |b KIS3GCP 
999 |c 1768340  |d 1770270